Pays champion du monde de : Hockey sur Glace - Statistiques

Statistiques générales
  • Ce quiz a été pris 608 fois
  • Le résultat moyen est 8 sur 10
Statistiques - réponses
Médaille d'or Masculin Féminim Pays % Correct
40 28 12 Canada
100%
12 2 10 Etats-Unis
99%
4 4 Finlande
97%
11 11 Suède
96%
5 5 Russie
95%
6 6 Tchéquie
76%
1 1 Slovaquie
69%
22 22 URSS
53%
1 1 Grande Bretagne
40%
6 6 Tchécoslovaquie
31%
Aucun quiz correspondant
Distribution des résultats
% des personnes avec chaque résultat
Percentile par nombre de réponses
Votre historique - résultats
Vous n’avez pas pris ce quiz